000 00521nam a2200193Ia 4500
005 20250508150517.0
008 008 250505s9999 xx 000 0 eng d
037 _aTextual
040 _aFEDL
_beng
_cFEDL
041 _aeng
_2eng
084 _a330.1, MEHQ
_qFEDL
100 _aMehta J.K.
_9756868
245 0 _aAdvanced economic theory
260 _aDelhi, India
_bPremier Publishing Co.
_c1948
300 _a249p.
650 _aEconomics
942 _cTEXL
_h330.1, MEHQ
999 _c1323985
_d1323985